Statistics for Bishops and Patriarchs of Byzantium/Constantinople

Click here to take the quiz!

General Stats

  • This quiz has been taken 350 times
    (208 since last reset)
  • The average score is 68 of 269

Answer Stats

HintAnswer% Correct
57John III Scholasticus
83%
52John II the Cappadocian
83%
58John IV Nesteutes
83%
108John IX Agapetus
83%
66John V
83%
73John VI
83%
83John VII Grammaticus
83%
104John VIII Xiphilinos
83%
137John XI Bekkos
83%
140John XII
83%
142John XIII Glykys
83%
145John XIV Kalekas
83%
125John X Kamateros
83%
37St. John Chrysostom
83%
64Peter
82%
67Constantine I
78%
76Constantine II
78%
103Constantine III
78%
115Constantine IV Chilarenus
78%
258Constantine V
78%
262Constantine VI
78%
63Paul II
74%
70Paul III
74%
78Paul IV
74%
28St. Paul I the Confessor
74%
17Mark I
60%
163Mark II
60%
27St. Alexander
60%
102Michael I Cerularius
57%
117Michael III of Anchialus
57%
110Michael II Kourkouas
57%
126Michael IV Autoreianos
57%
120Basil II Kamateros
56%
263Basil III
55%
95Basil I Scamandrenus
55%
124George II Xiphilinos
55%
97Nicholas II Chrysoberges
55%
107Nicholas III Grammaticus
55%
89Nicholas I Mystikos
55%
112Nicholas IV Muzalon
55%
69George I
54%
109Leo Styppeiotes
53%
122Leo Tehotokites
53%
269Bartholomew I
51%
153Matthew I
51%
181Matthew II
51%
138Gregory II Cyprius
50%
157Gregory III Mammas
50%
189Gregory IV
50%
234Gregory V
50%
244Gregory VI
50%
261Gregory VII
50%
35St. Gregory I of Nazianus
50%
1St. Andrew the Apostle
47%
209James
46%
68Theodore I
46%
127Theodore II Eirenikos
46%
136Joseph I Galesiotes
45%
155Joseph II
45%
116Luke Chrysoberges
45%
60St. Thomas I
45%
65Thomas II
45%
197Cyril III
41%
191Cyril II Kontares
41%
187Cyril I Lucaris
41%
216Cyril IV
41%
222Cyril V
41%
237Cyril VI
41%
250Cyril VII
41%
87Stephen I
39%
91Stephen II of Amasea
37%
51Timothy I
36%
188Timothy II
36%
129Manuel I Charitopoulos
33%
182Gabriel I
31%
200Gabriel II
31%
212Gabriel III
31%
230Gabriel IV
31%
204Clement
28%
132Manuel II
28%
119Theodosius I Boradiotes
28%
228Theodosius II
28%
61Sergius I
27%
99Sergius II
27%
75Anastasius
26%
139Athanasius I
25%
158Athanasius II
25%
192Athanasius III Patelaros
25%
208Athanasius IV
25%
215Athanasius V
25%
265Benjamin I
24%
242Constantius I
24%
243Constantius II
24%
165Dionysius I
24%
175Dionysius II
24%
203Dionysius III
24%
206Dionysius IV Muselimes
24%
255Dionysius V
24%
84Methodius I
24%
131Methodius II
24%
205Methodius III
24%
264Photios II
24%
268Demetrios I
23%
166Raphael I
22%
186Raphael II
22%
86St. Photios I the Great
22%
29Eusebius of Nicomedia
21%
34Maximus I
21%
128Maximus II
21%
167Maximus III
21%
169Maximus IV
21%
266Maximus V
21%
41Nestorius
21%
80Nicephorus I
21%
134Nicephorus II
21%
101Alexius I the Studite
20%
267Athenagoras I
20%
85Ignatius I
20%
170Joachim I
20%
251Joachim II
20%
253Joachim III
20%
254Joachim IV
20%
226Samuel I Chatzeres
20%
22Titus
20%
149Macarius
18%
46Gennadius I
17%
159Gennadius II Scholarios
17%
74Germanus I
17%
130Germanus II
17%
135Germanus III
17%
247Germanus IV
17%
259Germanus V
17%
36Nectarius
17%
44St. Flavian
17%
8Eleutherius
16%
30Macedonius I
16%
50Macedonius II
16%
185Neophytus II
14%
211Neophytus IV
14%
213Neophytus V
14%
221Neophytus VI
14%
232Neophytus VII
14%
256Neophytus VIII
14%
79St. Tarasius
14%
111Cosmas II Atticus
13%
82Antony I
12%
96Antony III the Studite
12%
88Antony II Kauleas
12%
151Antony IV
12%
193Neophytus III of Nicaea
12%
217Cosmas III
11%
72Cyrus
11%
9Felix
11%
173Jeremias I
11%
218Jeremias III
11%
178Jeremias II Tranos
11%
236Jeremias IV
11%
147Callistus I
10%
21Eugenius I
10%
238Eugenius II
10%
49Euphemius
10%
93Theophylactus
10%
54Anthimus I
9%
190Anthimus II
9%
239Anthimus III
9%
245Anthimus IV
9%
246Anthimus V
9%
249Anthimus VI
9%
257Anthimus VII
9%
19Cyriacus I
9%
59Cyriacus II
9%
53Epiphanius
9%
31Eudoxius of Antioch
9%
48Fravitta
9%
146Isidore I
9%
160Isidore II Xanthopoulos
9%
71Callinicus I
8%
210Callinicus II
8%
223Callinicus IV
8%
235Callinicus V
8%
152Callistus II Xanthopoulos
8%
4Polycarpus I
8%
10Polycarpus II
8%
220Serapheim I
8%
224Serapheim II
8%
162Sophronius I
8%
229Sophronius II
8%
252Sophronius III
8%
2St. Stachys the Apostle
8%
47Acacius
7%
133Arsenius Autoreianus
7%
11Athenodorus
7%
240Chrysanthus I
7%
214Cyprianus
7%
7Diogenes
7%
56Eutychius
7%
33Evagrius
7%
207Gerasimus II
7%
233Gerasimus III
7%
144Isaias
7%
161Joasaph I
7%
176Joasaph II
7%
13Laurence
7%
227Meletius II
7%
248Meletius III
7%
184Meletius I Pegas
7%
260Meletius IV
7%
55Menas
7%
156Metrophanes II
7%
177Metrophanes III
7%
141Nephon I
7%
168Nephon II
7%
121Niketas II Mountanes
7%
148Philotheus Kokkinos
7%
5Plutarch
7%
231Procopius
7%
62Pyrrhus I
7%
24Rufinus I
7%
40Sisinnius I
7%
98Sisinnius II
7%
45St. Anatolius
7%
26St. Metrophanes
7%
3St. Onesimus
7%
43St. Proclus
7%
164Symeon I
7%
92Tryphon
7%
14Alypius
6%
38Arsacius of Tarsus
6%
39Atticus
6%
20Castinus
6%
118Chariton
6%
32Demophilus
6%
23Dometius
6%
123Dositheus
6%
106Eustratius Garidas
6%
154Euthymius II
6%
90Euthymius I Synkellos
6%
12Euzois
6%
143Gerasimos I
6%
105Kosmas I
6%
42Maximianus
6%
114Neophytos I
6%
77Nicetas I
6%
150Nilus Kerameus
6%
16Olympianus
6%
198Paisius I
6%
219Paisius II
6%
15Pertinax
6%
18Philadelphus
6%
25Probus
6%
6Sedecion
6%
113Theodotus II
6%
202Theophanes II
6%
183Theophanes I Karykes
6%
241Agathangelus I
5%
100Eustathius
5%
174Joannicius I
5%
196Joannicius II
5%
225Joannicius III
5%
94Polyeuctus
5%
81Theodotus I Kassiteras
5%
171Pachomius I
4%
179Pachomius II
4%
194Parthenius I
4%
195Parthenius II
4%
199Parthenius III
4%
201Parthenius IV
4%
172Theoleptus I
4%
180Theoleptus II
4%

Score Distribution

Percentile by Number Answered

Percent of People with Each Score

Your Score History

You have not taken this quiz since the last reset